Peruvian Colonial Painting. (Record no. 1058)

MARC details
000 -CABECERA
campo de control de longitud fija 00930nam a2200217 a 4500
001 - NÚMERO DE CONTROL
campo de control BRCA_1182
005 - FECHA Y HORA DE LA ÚLTIMA TRANSACCIÓN
campo de control 20190320203323.0
008 - DATOS DE LONGITUD FIJA--INFORMACIÓN GENERAL
campo de control de longitud fija 820330s1972 nyua---##b---#000-0#eng-#
050 #4 - SIGNATURA TOPOGRÁFICA DE LA BIBLIOTECA DEL CONGRESO
Número de clasificación ND413
Número de documento/Ítem .K45 1972
100 1# - ENTRADA PRINCIPAL--NOMBRE DE PERSONA
Nombre de persona Kelemen, Pál
9 (RLIN) 3899
245 10 - MENCIÓN DE TÍTULO
Título Peruvian Colonial Painting.
260 ## - PUBLICACIÓN, DISTRIBUCIÓN, ETC.
Lugar de publicación, distribución, etc. Nueva York
Nombre del editor, distribuidor, etc. The Brooklyn Museum
Fecha de publicación, distribución, etc. 1972
300 ## - DESCRIPCIÓN FÍSICA
Extensión 112 p.
Otras características físicas il.
Dimensiones 25 cm.
500 ## - NOTA GENERAL
Nota general Catálogo de la exposición realizada en el Museo de Brooklyn, 8 diciembre, 1971 - 23 enero, 1972, en el Museo del Arte de la Universidad de Austin (Texas), 20 febrero - 26 marzo, 1972 y en el Museo de Isaac Delgado del Arte, 15 abril - 28 mayo, 1972
504 ## - NOTA DE BIBLIOGRAFÍA, ETC.
Nota de bibliografía, etc. Bibliografía: p. 109-110
600 14 - PUNTO DE ACCESO ADICIONAL DE MATERIA--NOMBRE DE PERSONA
Nombre de persona Davis, Arthur Q.
Subdivisión general Colecciones de arte
9 (RLIN) 3900
610 24 - PUNTO DE ACCESO ADICIONAL DE MATERIA--NOMBRE DE ENTIDAD CORPORATIVA
Nombre de entidad corporativa o nombre de jurisdicción como elemento de entrada Fondo Severo de la Familia de Edgar
Subdivisión general Colecciones de arte
9 (RLIN) 3901
650 14 - PUNTO DE ACCESO ADICIONAL DE MATERIA--TÉRMINO DE MATERIA
Término de materia o nombre geográfico como elemento de entrada Pintura peruana
Subdivisión de forma Exposiciones
9 (RLIN) 3902
650 14 - PUNTO DE ACCESO ADICIONAL DE MATERIA--TÉRMINO DE MATERIA
Término de materia o nombre geográfico como elemento de entrada Pintura colonial
Subdivisión geográfica Perú
9 (RLIN) 3903
942 ## - ELEMENTOS DE PUNTO DE ACCESO ADICIONAL (KOHA)
Fuente del sistema de clasificación o colocación Library of Congress Classification
Tipo de ítem Koha Libros
Holdings
Estado de retiro Estado de pérdida Estado dañado No para préstamo Localización permanente Ubicación/localización actual Fecha de adquisición Total de préstamos Signatura topográfica completa Código de barras Fecha visto por última vez Precio válido a partir de Tipo de ítem Koha
El ejemplar forma parte de la colección y puede ser consultado según las políticas vigentes.       Biblioteca del Museo Franz Mayer (Rogerio Casas-Alatriste) Biblioteca del Museo Franz Mayer (Rogerio Casas-Alatriste) 26/06/2008   ND413 .K45 1972 01695 22/03/2019 22/03/2019 Libros